Dynamic aquaria : building living ecosystems
Αποθηκεύτηκε σε:
| Κύριος συγγραφέας: | |
|---|---|
| Άλλοι συγγραφείς: | |
| Μορφή: | Βιβλίο |
| Γλώσσα: | English |
| Δημοσίευση: |
San Diego :
Academic Press,
1991
|
| Θέματα: | |
| Ετικέτες: |
Προσθήκη ετικέτας
Δεν υπάρχουν, Καταχωρήστε ετικέτα πρώτοι!
|
MARC
| LEADER | 00000nam a2200000 i 4500 | ||
|---|---|---|---|
| 001 | 1/60745 | ||
| 008 | 930907s eng d | ||
| 020 | |a 0-12-043790-2 | ||
| 035 | |a ΛΕΣΒΟΣb10000736 |l 10000736 | ||
| 040 | |a GR-MY-UA |b gre |e aacr | ||
| 041 | 0 | |a eng | |
| 082 | 0 | |a 630.34 | |
| 100 | 1 | |a Adey, Walter H. | |
| 245 | 1 | 0 | |a Dynamic aquaria : |b building living ecosystems / |c Walter H. Adey; Karen Loveland |
| 260 | |a San Diego : |b Academic Press, |c 1991 | ||
| 300 | |a 630 p. |b ill. | ||
| 504 | |a Includes index | ||
| 650 | 0 | 0 | |a Aquarium water. |
| 650 | 0 | 0 | |a Aquariums. |
| 700 | 1 | |a Loveland, Karen. | |
| 852 | |a INST |b LESVOS |e 19930907 |h 630.34 ADE |p 005100006123 |q 005100006123 |t BK |y 0 | ||
| 909 | |a Λ |b 025883 | ||